[Event "Cto. Autonómico por Equipos 2007"]
[Site "Aragón"]
[Date "2007.02.03"]
[Round "2.24"]
[White "Baldellou Vicente Roberto"]
[Black "Montes Santos Lorenzo"]
[Result "0-1"]
[WhiteElo "2033"]
[BlackElo "2053"]

1.d4 Nf6 2.Nf3 g6 3.g3 c5 4.c4 Bg7 5.Bg2 Nc6 6.d5 Nb8 7.Nc3 d6 8.O-O O-O 9.h3
a6 10.Re1 b5 11.cxb5 axb5 12.Nxb5 Ba6 13.Nc3 Qb6 14.Qc2 Nbd7 15.e4 Rfb8 16.Rb1
Ne8 17.Be3 Qb4 18.a3 Qb3 19.Qxb3 Rxb3 20.Nd2 Rb7 21.Bf1 Bxf1 22.Kxf1 Rab8 23.
Na4 Ne5 24.Ke2 Nc7 25.Rec1 Nb5 26.f4 Nd7 27.Nc4 Ra8 28.b3 Bd4 29.e5 Ra6 30.Kd3
Kg7 31.Re1 Bxe3 32.Kxe3 Nd4 33.Kd3 dxe5 34.fxe5 Rxb3+ 35.Rxb3 Nxb3 36.Rb1 Na5
37.Nab6 Nxc4 38.Nxc4 f6 39.d6 Nxe5+ 40.Nxe5 Rxd6+ 41.Kc4 fxe5 42.a4 0-1

[Event "Cto. Autonómico por Equipos 2007"]
[Site "Aragón"]
[Date "2007.02.03"]
[Round "2.25"]
[White "Galvez Perez Jose Luis"]
[Black "Luis Vitalla Fernando"]
[Result "0-1"]
[WhiteElo "2125"]
[BlackElo "2203"]

1.d4 d5 2.Nf3 Nf6 3.e3 c5 4.c3 e6 5.Bd3 Nc6 6.Nbd2 Bd6 7.O-O O-O 8.dxc5 Bxc5
9.e4 dxe4 10.Nxe4 Nxe4 11.Bxe4 h6 12.Qe2 Qc7 13.b4 Bd6 14.Bb2 Ne5 15.Nxe5 Bxe5
16.g3 Bd7 17.Rac1 Bf6 18.Qf3 Rab8 19.h4 Bb5 20.Rfd1 Rfd8 21.Rxd8+ Rxd8 22.Ra1
Qc4 23.a4 Bc6 24.Bxc6 bxc6 25.Rd1 Rd5 26.Rxd5 cxd5 27.Qd1 Bxc3 28.Bxc3 Qxc3
29.b5 d4 30.a5 e5 31.b6 axb6 32.axb6 Qb2 33.Qe1 d3 34.Qd1 e4 35.Kf1 Qxb6 36.f3
Qe3 37.fxe4 {Tiempo} 0-1

[Event "Cto. Autonómico por Equipos 2007"]
[Site "Aragón"]
[Date "2007.02.03"]
[Round "2.26"]
[White "Abril Avellanas Eduardo"]
[Black "Martinez Asensio Juan M"]
[Result "1/2-1/2"]
[WhiteElo "2196"]
[BlackElo "1970"]

1.d4 d5 2.c4 c6 3.Nc3 Nf6 4.Nf3 g6 5.e3 Bg7 6.Be2 O-O 7.O-O Bg4 8.Qb3 Qb6 9.h3
Bxf3 10.Bxf3 e6 11.Rd1 Nbd7 12.Bd2 Rfe8 13.cxd5 Qxb3 14.axb3 exd5 15.b4 a6 16.
Na4 Ne4 17.Nc5 Ndxc5 18.bxc5 Nxd2 19.Rxd2 f5 20.Ra4 Re7 21.Rb4 Rf8 22.g3 h5
23.h4 Bf6 24.Kg2 Kg7 25.Rd1 Rd8 26.Rb3 1/2-1/2

[Event "Cto. Autonómico por Equipos 2007"]
[Site "Aragón"]
[Date "2007.02.03"]
[Round "2.27"]
[White "Carraminana Lopez Luis Antonio"]
[Black "Gella Lopez Angel"]
[Result "0-1"]
[WhiteElo "1967"]
[BlackElo "2106"]

1.e4 c5 2.Nf3 e6 3.d4 cxd4 4.Nxd4 Nc6 5.Nb5 d6 6.Bf4 e5 7.Be3 Nf6 8.Bg5 a6 9.
N5c3 Be7 10.Bxf6 Bxf6 11.Nd2 Be6 12.Nc4 Nd4 13.Ne3 Rc8 14.Bd3 Bg5 15.Ned5 O-O
16.h4 Bh6 17.g4 Bf4 18.Nxf4 exf4 19.Be2 Qb6 20.Rb1 Rfe8 21.Qd2 Bc4 22.O-O Bxe2
0-1

[Event "Cto. Autonómico por Equipos 2007"]
[Site "Aragón"]
[Date "2007.02.03"]
[Round "2.28"]
[White "Laplaza Ara Carlos"]
[Black "Buil Montañes Carlos"]
[Result "1-0"]
[WhiteElo "2043"]
[BlackElo "1917"]

1.d4 e6 2.c4 f5 3.Nf3 Nf6 4.Nc3 d5 5.e3 c6 6.Bd3 Bd6 7.O-O O-O 8.Ne5 Nbd7 9.
cxd5 Nxd5 10.f4 Nxc3 11.bxc3 Nxe5 12.fxe5 Be7 13.Qb3 Qb6 14.Ba3 Qxb3 15.axb3
Rf7 16.Bxe7 Rxe7 17.b4 Bd7 18.Rf2 Be8 19.Rfa2 a6 20.c4 Rb8 21.Ra5 Kf7 22.Rb1
h6 23.Kf2 Kf8 24.b5 axb5 25.cxb5 cxb5 26.Bxb5 Bxb5 27.Raxb5 Rc7 28.Rb6 Kf7 29.
R1b5 g6 30.Kf3 Re7 31.h4 Kg7 32.Kf4 Kf7 33.e4 fxe4 34.Kg4 Rd7 35.Rb2 g5 36.
Rf2+ 1-0

[Event "Cto. Autonómico por Equipos 2007"]
[Site "Aragón"]
[Date "2007.01.27"]
[Round "1.48"]
[White "Prat Guisado Christian"]
[Black "Moreno Garcia Pablo"]
[Result "0-1"]
[WhiteElo "1907"]
[BlackElo "1773"]

1.d4 d6 2.c4 e5 3.dxe5 dxe5 4.Qxd8+ Kxd8 5.Nf3 f6 6.e4 Be6 7.Be2 Nd7 8.Be3 c6
9.O-O Kc7 10.Nc3 Bc5 11.Bxc5 Nxc5 12.b4 Nd7 13.Rfd1 Nh6 14.Rac1 Rad8 15.c5 Nb8
16.b5 Rxd1+ 17.Rxd1 Nf7 18.a3 Nd7 19.bxc6 bxc6 20.Rc1 Nxc5 21.Nb5+ Kb6 22.Nc3
Rb8 23.Nd2 Nd6 24.f3 Nd7 25.Kf2 Kc7 26.Nd5+ Bxd5 27.exd5 Rb6 28.Nb3 Nb8 29.Na5
Kd7 30.dxc6+ Nxc6 31.Nxc6 Rxc6 32.Rd1 Kc7 33.Bd3 g6 34.a4 Rc3 35.a5 Nc4 36.Be4
Nxa5 37.Rd5 Nc6 38.Rb5 a6 39.Rb2 a5 40.Ra2 Rc5 41.Rc2 Rxc2+ 42.Bxc2 Kb6 43.Ke3
Kc5 44.Ba4 Nd4 45.Bd1 Kb4 46.f4 a4 47.fxe5 fxe5 0-1

[Event "Cto. Autonómico por Equipos 2007"]
[Site "Aragón"]
[Date "2007.01.27"]
[Round "1.45"]
[White "Horton Justin"]
[Black "Aparicio Navarro Pedro Jose"]
[Result "0-1"]
[WhiteElo "2140"]
[BlackElo "2205"]

1.d4 Nf6 2.c4 c5 3.d5 b5 4.cxb5 a6 5.e3 d6 6.Nc3 g6 7.Nf3 Bg7 8.a4 O-O 9.Ra3
Nbd7 10.Be2 axb5 11.Bxb5 Ba6 12.O-O Ne8 13.Bxa6 Rxa6 14.Qd3 Qa8 15.e4 Nc7 16.
b3 Rb8 17.Bb2 Rb4 18.Nd2 Qb7 19.Nd1 Bxb2 20.Nxb2 Nb5 21.Raa1 Nd4 22.Nbc4 Nxb3
23.Nxb3 Rxb3 24.Rfb1 Rxd3 25.Rxb7 Rxa4 26.Rab1 Rxc4 0-1

[Event "Cto. Autonómico por Equipos 2007"]
[Site "Aragón"]
[Date "2007.01.27"]
[Round "1.47"]
[White "Perez Puyal Jose J"]
[Black "Fernando Gros Jorge Luis"]
[Result "0-1"]
[WhiteElo "1886"]
[BlackElo "2084"]

1.e4 c5 2.Nf3 Nc6 3.Nc3 Nf6 4.g3 g6 5.d3 Bg7 6.Bg2 d6 7.h3 O-O 8.Be3 Rb8 9.O-O
e5 10.Qd2 Nd4 11.Nh4 Be6 12.f4 exf4 13.Bxf4 Nh5 14.Nf3 h6 15.Kh2 Kh7 16.Nd1 g5
17.Be3 d5 18.c3 Qc7 19.Bf2 Nxf3+ 20.Bxf3 Nf6 21.Ne3 Rbd8 22.Qc2 Kh8 23.Nf5
dxe4 24.Nxg7 exf3 25.Nxe6 fxe6 26.d4 cxd4 27.Qg6 dxc3 28.Qxh6+ Qh7 29.Qxh7+
Kxh7 30.bxc3 Rd2 31.Kh1 Ne4 32.Kg1 Nxg3 33.Rfd1 Ne2+ 34.Kf1 Rfd8 35.Rxd2 Rxd2
36.c4 e5 37.Rb1 b6 38.Rb3 Rd1+ 39.Be1 Ng3+ 40.Kf2 Ne4+ 41.Kxf3 Rxe1 42.Rb5 Nc5
0-1

[Event "Cto. Autonómico por Equipos 2007"]
[Site "Aragón"]
[Date "2007.01.27"]
[Round "1.46"]
[White "Munoz Munoz Juan Carlos"]
[Black "Abos Rosico Antonio"]
[Result "0-1"]
[WhiteElo "2145"]
[BlackElo "1957"]

1.e4 d6 2.g3 Nf6 3.Bg2 Nc6 4.d3 g6 5.f4 Bg7 6.Nf3 O-O 7.O-O e5 8.Nc3 Bg4 9.h3
Bxf3 10.Qxf3 Nd4 11.Qf2 Nd7 12.f5 b5 13.Be3 Rb8 14.Nd5 Nf6 15.Nxf6+ Bxf6 16.c3
Nc6 17.Bh6 Bg7 18.Bxg7 Kxg7 19.f6+ Kh8 20.g4 g5 21.Qe3 Rg8 22.Rf5 Rg6 23.Raf1
h6 24.h4 gxh4 25.Qh3 Qf8 26.Qxh4 Nd8 27.Kf2 Ne6 28.Ke3 b4 29.Rh1 Nf4 30.Bf3
bxc3 31.bxc3 Rb2 32.Rh2 Qb8 33.d4 Rxh2 34.Qxh2 Qb5 35.dxe5 dxe5 36.Kf2 Qc5+
37.Kg3 Qxc3 38.Qf2 c5 39.a4 Nd3 40.Qe3 a5 41.Rh5 Kh7 42.Rf5 Rg5 43.Rxg5 hxg5
44.Qxg5 Qe1+ 45.Kh2 Qf2+ 46.Bg2 Qf4+ 47.Qxf4 Nxf4 48.Bf1 Kg6 49.Kg3 Kxf6 50.
Kh4 Ne6 51.Bc4 Nc7 52.Kh5 Ne8 53.Kh6 Nd6 54.g5+ Ke7 55.Bd5 c4 56.Kg7 c3 57.
Bxf7 Nxf7 58.g6 Ng5 59.Kh8 Ne6 60.Kh7 c2 0-1

[Event "Cto. Autonómico por Equipos 2007"]
[Site "Aragón"]
[Date "2007.02.10"]
[Round "3.2"]
[White "Melendez Fierro Juan Bautista"]
[Black "Chueca Forcen Alberto"]
[Result "1/2-1/2"]
[WhiteElo "2232"]
[BlackElo "2110"]

1.e4 e5 2.Nf3 Nc6 3.Bb5 Nf6 4.Nc3 Bc5 5.Nxe5 O-O 6.Nxc6 dxc6 7.Be2 Qd4 8.O-O
Nxe4 9.Nxe4 Qxe4 10.d3 Qe5 11.Bf3 Re8 12.c3 Bd6 13.g3 Bh3 14.Bg2 Bxg2 15.Kxg2
Rad8 16.d4 Qe4+ 17.f3 Qe2+ 18.Qxe2 Rxe2+ 19.Rf2 Re1 20.b3 c5 21.Bb2 Rxa1 22.
Bxa1 cxd4 23.cxd4 Re8 24.Bc3 f6 25.Rc2 Kf7 26.Kf2 Re7 27.Re2 Rxe2+ 28.Kxe2 Ke6
29.Kd3 Kd5 30.Be1 h5 31.h3 g5 32.g4 h4 33.a4 a6 34.Bd2 b6 35.Be1 a5 36.Bd2 c6
1/2-1/2

[Event "Cto. Autonómico por Equipos 2007"]
[Site "Aragón"]
[Date "2007.02.10"]
[Round "3.3"]
[White "Sarto Ramos Angel"]
[Black "Anglada Lobarte Jose Andres"]
[Result "0-1"]
[WhiteElo "2092"]
[BlackElo "2229"]

1.d4 d5 2.Nf3 c6 3.e3 Bg4 4.h3 Bh5 5.c4 e6 6.Qb3 Qb6 7.c5 Qxb3 8.axb3 Bxf3 9.
gxf3 e5 10.b4 exd4 11.exd4 g6 12.Nd2 Bg7 13.Nb3 Nd7 14.b5 Ne7 15.Be3 O-O 16.
Bd3 cxb5 17.Bxb5 Nb8 18.Kd2 Nbc6 19.Ra4 Nd8 20.Rha1 a6 21.Bd3 f5 22.f4 Ne6 23.
Rb4 Rab8 24.Na5 g5 25.f3 gxf4 26.Bf2 Nc6 27.Nxc6 bxc6 28.Rxb8 Rxb8 29.Kc3 Nxc5
30.Bxf5 Rb3+ 31.Kc2 Rxf3 32.Bg1 Nb3 33.Rxa6 Bxd4 34.Rxc6 Bxg1 35.Rc8+ Kg7 36.
Rc7+ Kf6 37.Bd3 Nd4+ 38.Kd2 Be3+ 39.Ke1 Rxh3 40.Rxh7 Rxh7 41.Bxh7 f3 42.b4 Nf5
0-1

[Event "Cto. Autonómico por Equipos 2007"]
[Site "Aragón"]
[Date "2007.02.10"]
[Round "3.4"]
[White "Romon Poves Raul"]
[Black "Sanmartin Agustin Borja"]
[Result "1-0"]
[WhiteElo "2225"]
[BlackElo "2082"]

1.d4 c5 2.d5 e6 3.c4 exd5 4.cxd5 d6 5.Nc3 Nf6 6.e4 g6 7.h3 Bg7 8.Nf3 O-O 9.Bd3
a6 10.a4 Re8 11.O-O Nh5 12.Bg5 Bf6 13.Bh6 Nd7 14.g4 Ng7 15.Bf4 Nf8 16.Bh6 Nd7
17.Qd2 Ne5 18.Nxe5 Bxe5 19.Kg2 Bxg4 20.hxg4 Qh4 21.Bf4 Qxg4+ 22.Bg3 h5 23.Qd1
Qd7 24.Bxe5 Rxe5 25.f4 Ree8 26.Qf3 f6 27.Qg3 Qg4 28.Rae1 Qxg3+ 29.Kxg3 Kh7 30.
Nb1 Re7 31.Na3 Rae8 32.Nc4 Rd7 33.a5 Kh6 34.Bc2 Red8 35.Kh3 Re7 36.Re3 Ne8 37.
Rg3 Rg7 38.Rb3 Re7 39.Rb6 g5 40.fxg5+ fxg5 41.e5 Kg7 42.Nxd6 Nxd6 43.Rxd6 Rxd6
44.exd6 Rd7 45.Bf5 Rxd6 46.Be6 b5 47.Rf7+ Kg6 48.Rd7 Rxd7 49.Bxd7 Kf6 50.Bxb5
Ke5 51.Bxa6 Kxd5 52.Bb7+ Kd6 53.Kg3 Kc7 54.Bf3 g4 55.Bd5 Kb8 56.Kh4 Ka7 57.Bc4
Kb7 58.Kxh5 g3 59.Kg4 g2 60.Bd5+ Ka6 61.Bxg2 Kxa5 62.b3 Kb4 63.Bd5 1-0

[Event "Cto. Autonómico por Equipos 2007"]
[Site "Aragón"]
[Date "2007.02.10"]
[Round "3.9"]
[White "Garza Marco Sergio"]
[Black "Hefty Hilardo Jorge Walter"]
[Result "1/2-1/2"]
[WhiteElo "2380"]
[BlackElo "2337"]

1.d4 Nf6 2.Nf3 d5 3.c4 e6 4.g3 c6 5.Bg2 Bd6 6.O-O Nbd7 7.Bf4 Bxf4 8.gxf4 dxc4
9.e3 b5 10.b3 cxb3 11.Qxb3 Bb7 12.a4 a6 13.Nbd2 O-O 14.Rfc1 Qb6 15.Ne5 Rac8
16.Ndc4 Qc7 17.Rab1 Ba8 18.Nd2 Nxe5 19.fxe5 Nd5 20.Ne4 Qe7 21.Nd6 Rcd8 22.Ra1
f6 23.axb5 cxb5 24.Rxa6 fxe5 25.dxe5 Qg5 26.Ne4 Qxe5 27.Qxb5 Qf5 28.Qa5 Nxe3
29.fxe3 Bxe4 30.Qxf5 exf5 31.Bxe4 fxe4 32.Re6 Rfe8 33.Rxe8+ Rxe8 34.Rc7 h6 35.
Kg2 Kh7 36.Rc6 Re7 37.Ra6 Kg8 38.Ra4 Kf7 39.Kg3 Kf6 40.Kf4 g5+ 41.Kg4 Re6 42.
Kh5 Kf7 1/2-1/2

[Event "Cto. Autonómico por Equipos 2007"]
[Site "Aragón"]
[Date "2007.02.10"]
[Round "3.10"]
[White "Munoz Munoz Juan Carlos"]
[Black "Fontana Sotomayour Luis Javier"]
[Result "0-1"]
[WhiteElo "2149"]
[BlackElo "2320"]

1.e4 Nf6 2.d3 e5 3.Nf3 Nc6 4.g3 d5 5.Nbd2 Bc5 6.Bg2 dxe4 7.dxe4 O-O 8.O-O Qe7
9.c3 a5 10.a4 Rd8 11.Qc2 b6 12.Nc4 Ba6 13.b3 Ne8 14.Nfd2 Nd6 15.Nxd6 Rxd6 16.
Re1 Qf6 17.Nf1 Bd3 18.Qb2 Rad8 19.Ne3 Ne7 20.h4 Qg6 21.Kh2 Bxe4 22.Nc4 Bxg2
23.Nxd6 Ba8 24.Nc4 Qc6 25.Rg1 f6 26.Be3 Bxe3 27.Nxe3 Rd3 28.Rad1 Rxc3 29.Rd8+
Kf7 30.Rxa8 Rxe3 31.fxe3 Qxa8 32.Qc2 c5 33.Qc4+ Qd5 34.Rd1 Qxc4 35.bxc4 Ke8
36.Kg2 Nc8 37.Kf3 Ke7 38.g4 Nd6 39.Rc1 e4+ 40.Kf4 Ke6 41.Rc2 g6 42.Rc1 h6 43.
Rc2 g5+ 44.hxg5 hxg5+ 45.Kg3 Ke5 46.Rc3 Ke6 47.Kg2 Kd7 48.Rc1 Nf7 49.Rd1+ Kc7
50.Kg3 Ne5 51.Rc1 Kd6 52.Rc2 Nd3 53.Rd2 Ke6 54.Rc2 f5 55.gxf5+ Kxf5 56.Rd2 Ne5
57.Rc2 Nd3 58.Rd2 g4 59.Rc2 Kg5 60.Rd2 Kf5 61.Rc2 Ne5 62.Rf2+ Ke6 63.Rc2 Kf5
64.Rf2+ Kg5 65.Rc2 Nf7 66.Rd2 Nh6 67.Rd5+ Nf5+ 68.Rxf5+ Kxf5 69.Kh4 Ke5 70.
Kxg4 b5 71.cxb5 c4 72.b6 Kd6 0-1

[Event "Cto. Autonómico por Equipos 2007"]
[Site "Aragón"]
[Date "2007.02.10"]
[Round "3.11"]
[White "Delgado Crespo Mairelys"]
[Black "Fernando Gros Jorge Luis"]
[Result "1/2-1/2"]
[WhiteElo "2084"]
[BlackElo "2298"]

1.e4 d6 2.d4 Nf6 3.Nc3 Nbd7 4.Nf3 e5 5.Bc4 Be7 6.O-O O-O 7.Re1 c6 8.a4 a5 9.b3
exd4 10.Qxd4 Ne5 11.Be2 Nfg4 12.Nxe5 dxe5 13.Qxd8 Rxd8 14.Rd1 Be6 15.Ba3 Bxa3
16.Rxa3 Rxd1+ 17.Nxd1 Rd8 18.Ra1 Rd2 19.Bxg4 Bxg4 20.Ne3 Be6 21.Kf1 Kf8 22.Ke1
Rd4 23.f3 g6 24.g4 f6 25.Ke2 Ke7 26.c3 Rd8 27.Rb1 b5 28.Ra1 Bxb3 29.axb5 a4
30.bxc6 Rc8 31.Nd5+ Ke6 32.c7 Bxd5 33.exd5+ Kxd5 34.Rxa4 Rxc7 35.Kd3 f5 36.c4+
Kd6 37.Ra6+ Rc6 38.Ra7 e4+ 39.fxe4 fxe4+ 40.Kxe4 1/2-1/2

[Event "Cto. Autonómico por Equipos 2007"]
[Site "Aragón"]
[Date "2007.02.10"]
[Round "3.12"]
[White "Martinez Crespo Juan"]
[Black "Maza Broto Pablo"]
[Result "1-0"]
[WhiteElo "1888"]
[BlackElo "1981"]

1.e4 e6 2.d4 d5 3.Nd2 Nf6 4.e5 Nfd7 5.Bd3 c5 6.c3 Nc6 7.Ne2 cxd4 8.cxd4 Bb4 9.
O-O Bxd2 10.Bxd2 O-O 11.Rc1 f6 12.exf6 Nxf6 13.Bf4 Qe7 14.Be5 Ng4 15.Bg3 e5
16.h3 Nf6 17.Bb5 exd4 18.Nxd4 Nxd4 19.Qxd4 a6 20.Bd3 Bd7 21.Rc7 Rac8 22.Rxb7
Rc6 23.Bf5 Rc4 24.Qa7 Rd8 25.Qxa6 Ne4 26.Rxd7 Rxd7 27.Qe6+ Kf8 28.Qxe7+ 1-0

[Event "Cto. Autonómico por Equipos 2007"]
[Site "Aragón"]
[Date "2007.02.10"]
[Round "3.17"]
[White "Saldano Horacio"]
[Black "Colas Longares Rafael P"]
[Result "1-0"]
[WhiteElo "2422"]
[BlackElo "2346"]

1.Nf3 Nc6 2.g3 e5 3.d3 g6 4.Bg2 Bg7 5.O-O d6 6.c4 f5 7.Nc3 Nf6 8.Bg5 h6 9.Bxf6
Qxf6 10.Nd5 Qf7 11.b4 O-O 12.Nd2 Nd4 13.e3 Ne6 14.b5 f4 15.Rc1 Ng5 16.exf4
Nh3+ 17.Kh1 exf4 18.Qe2 fxg3 19.fxg3 Qf2 20.Rxf2 Nxf2+ 21.Kg1 Bd4 22.Nf3 Bg4
23.Qxf2 Bxf2+ 24.Kxf2 Rf7 25.Re1 g5 26.h3 Bh5 27.g4 Bg6 28.Ne7+ Kg7 29.Nxg6
Kxg6 30.Re6+ Rf6 31.Re7 Rf7 32.Rxf7 Kxf7 33.Nd4 Rb8 34.Nf5 Ke6 35.Nxh6 c6 36.
Ke3 cxb5 37.cxb5 Rc8 38.Nf5 Rc2 39.Nd4+ 1-0

[Event "Cto. Autonómico por Equipos 2007"]
[Site "Aragón"]
[Date "2007.02.10"]
[Round "3.18"]
[White "Trigo Conde Isaac"]
[Black "Martinez Asensio Juan M"]
[Result "1-0"]
[WhiteElo "2250"]
[BlackElo "2160"]

1.d4 Nf6 2.c4 c5 3.d5 b5 4.Nf3 g6 5.cxb5 a6 6.b6 Qxb6 7.Nc3 Bg7 8.e4 d6 9.Nd2
O-O 10.Nc4 Qd8 11.Be2 Nbd7 12.O-O Nb6 13.Ne3 Ne8 14.a4 Nc7 15.Qc2 a5 16.Bd2 e6
17.dxe6 Nxe6 18.Nb5 Nd4 19.Nxd4 cxd4 20.Nc4 d5 21.Nxa5 dxe4 22.Qxe4 Bf5 23.Qb7
Rb8 24.Qa6 Be4 25.Bd3 Bxd3 26.Qxd3 Qd7 27.b3 Rfc8 28.Rfc1 Nd5 29.Rxc8+ Qxc8
30.Nc4 Qb7 31.a5 Qxb3 32.Qxb3 Rxb3 33.a6 Nc7 34.a7 Na8 35.Re1 f5 36.Re8+ Kf7
37.Nd6+ Kf6 38.h4 1-0

[Event "Cto. Autonómico por Equipos 2007"]
[Site "Aragón"]
[Date "2007.02.10"]
[Round "3.19"]
[White "Martin Catalan Juan Vicente"]
[Black "Garcia Vicente Nieves"]
[Result "1-0"]
[WhiteElo "2106"]
[BlackElo "2207"]

1.d4 d5 2.Nf3 e6 3.Bf4 Bd6 4.Bg3 Nf6 5.e3 b6 6.c3 O-O 7.Nbd2 c5 8.Bd3 Ba6 9.
Bxa6 Nxa6 10.Qe2 Nc7 11.Ne5 Nce8 12.Bh4 Qc7 13.Bxf6 Nxf6 14.f4 b5 15.O-O Rab8
16.a3 a5 17.g4 Ne4 18.g5 f5 19.gxf6 gxf6 20.Nxe4 dxe4 21.Ng4 f5 22.Ne5 cxd4
23.cxd4 Bxe5 24.Rac1 Qb6 25.dxe5 Kh8 26.Kh1 Rg8 27.Rg1 Rbd8 28.Rxg8+ Rxg8 29.
Rg1 Rxg1+ 30.Kxg1 b4 31.axb4 axb4 32.Kf2 Kg7 33.Qd1 Qc6 34.Qd8 Qc2+ 35.Kg3 Qc4
36.Qe7+ Kg8 37.Kh4 1-0

[Event "Cto. Autonómico por Equipos 2007"]
[Site "Aragón"]
[Date "2007.02.10"]
[Round "3.20"]
[White "Cabrera Moreno Daniel"]
[Black "Barcena Francisco"]
[Result "1/2-1/2"]
[WhiteElo "2170"]
[BlackElo "1991"]

1.e4 c5 2.Nf3 Nc6 3.d4 cxd4 4.Nxd4 g6 5.c4 Bg7 6.Be3 Nf6 7.Nc3 Nxd4 8.Bxd4 d6
9.Be2 O-O 10.O-O Bd7 11.f3 Bc6 12.Qd2 a5 13.b3 Nd7 14.Be3 Qc7 15.Rac1 Rfc8 16.
Rfd1 Nc5 17.Bf1 Qb6 18.Nb5 Qd8 19.Qf2 Qe8 20.Rc2 Nd7 21.Rdc1 Bxb5 22.cxb5 Rxc2
23.Qxc2 Nc5 24.Qd2 b6 25.Bc4 Ra7 26.Qe2 Qf8 27.Bd5 Bh6 28.Rd1 Bxe3+ 29.Qxe3
Qg7 30.Qd4 Qxd4+ 31.Rxd4 Kf8 32.Kf2 e6 33.Bc4 Ke7 34.Ke3 e5 35.Rd2 f5 36.g3
Rc7 37.Rd1 fxe4 38.fxe4 Ne6 39.Rf1 Rc8 40.h4 Rf8 41.Rxf8 Nxf8 42.Kd3 h6 43.Kc3
Nd7 44.Kd3 Nf6 45.Ke3 g5 1/2-1/2

[Event "Cto. Autonómico por Equipos 2007"]
[Site "Aragón"]
[Date "2007.02.10"]
[Round "3.21"]
[White "Adla Diego Gustavo"]
[Black "Lamas Manuel"]
[Result "1-0"]
[WhiteElo "2470"]
[BlackElo "2270"]

1.c4 e5 2.g3 Nc6 3.Bg2 g6 4.Nc3 Bg7 5.Nf3 f5 6.O-O d6 7.d3 h6 8.Rb1 Nf6 9.b4
O-O 10.b5 Ne7 11.a4 Be6 12.Nd2 d5 13.Ba3 c6 14.bxc6 bxc6 15.Rb7 Rf7 16.cxd5
Nexd5 17.Rxf7 Bxf7 18.Qc2 e4 19.Nxd5 cxd5 20.Rc1 Qa5 21.Qc6 Rb8 22.Qc7 Qb6 23.
a5 Qxc7 24.Rxc7 Ng4 25.Bc5 Rb2 26.Nf1 Rc2 27.dxe4 Bd4 28.Rc8+ Kh7 29.Bxd4 Rxc8
30.h3 dxe4 31.hxg4 a6 32.Ne3 Be6 33.Bh3 Rf8 34.Kg2 h5 35.gxh5 gxh5 36.Kg1 Kg6
37.Ng2 Bf7 38.Nh4+ Kg5 39.Be3+ Kf6 40.Bxf5 Bd5 41.Bg6 1-0

[Event "Cto. Autonómico por Equipos 2007"]
[Site "Aragón"]
[Date "2007.02.10"]
[Round "3.22"]
[White "Llanes Luno Ricardo"]
[Black "Villuendas Valero Adrian"]
[Result "0-1"]
[WhiteElo "2225"]
[BlackElo "2224"]

1.e4 c5 2.Nf3 e6 3.d4 cxd4 4.Nxd4 Nc6 5.g3 Qc7 6.Bg2 a6 7.O-O d6 8.Nc3 Bd7 9.
Re1 Be7 10.Be3 Nf6 11.g4 h6 12.Nxc6 Bxc6 13.a4 Rc8 14.h4 Nd7 15.Nd5 Bxd5 16.
exd5 e5 17.c4 O-O 18.g5 hxg5 19.hxg5 g6 20.Bh3 Kg7 21.Ra3 Rh8 22.Kg2 Rh4 23.c5
Rch8 24.cxd6 Qxd6 25.Bc1 Nb6 26.Qe2 Qxd5+ 27.Qf3 Bxa3 0-1

[Event "Cto. Autonómico por Equipos 2007"]
[Site "Aragón"]
[Date "2007.02.10"]
[Round "3.23"]
[White "Cortes Lizano Jesus"]
[Black "Roche Simon Miguel Angel"]
[Result "1-0"]
[WhiteElo "2154"]
[BlackElo "2180"]

1.c4 e5 2.Nc3 Nc6 3.g3 g6 4.Bg2 Bg7 5.d3 f5 6.Nf3 d6 7.O-O h6 8.Rb1 Nf6 9.b4
O-O 10.b5 Ne7 11.a4 Be6 12.a5 b6 13.Nd2 Rc8 14.axb6 axb6 15.Qb3 g5 16.Nd5 f4
17.Nxf6+ Bxf6 18.Ne4 Nf5 19.Ra1 h5 20.Ra7 h4 21.Qd1 Qe8 22.g4 Nh6 23.h3 Nxg4
24.hxg4 Bxg4 25.Kh2 Bf5 26.Bf3 Kh8 27.Rg1 Qg6 28.Bg4 Rcd8 29.f3 d5 30.cxd5
Rxd5 31.Rxc7 Rfd8 32.Qb3 R8d7 33.Rc6 Bxe4 34.fxe4 R5d6 35.Bxd7 Rxd7 36.Qe6 1-0

[Event "Cto. Autonómico por Equipos 2007"]
[Site "Aragón"]
[Date "2007.02.10"]
[Round "3.24"]
[White "Llanes Luno Pedro Alfredo"]
[Black "Lafarga Bueno Daniel"]
[Result "1-0"]
[WhiteElo "1829"]
[BlackElo "2154"]

1.e4 e5 2.d4 exd4 3.f4 Nc6 4.Nf3 Bb4+ 5.Nbd2 Nf6 6.Bd3 d5 7.e5 Ng4 8.a3 Ne3 9.
Qe2 Bc5 10.b4 Bb6 11.Nb3 Bg4 12.h3 Bxf3 13.Qxf3 Qd7 14.Rb1 O-O-O 15.b5 Na5 16.
Kf2 Nac4 17.a4 f6 18.exf6 Rhf8 19.Bxe3 dxe3+ 20.Ke2 Rxf6 21.g3 Ne5 22.Qh5 Nxd3
23.cxd3 Qe7 24.a5 Bxa5 25.Nxa5 Qa3 26.Nb3 Qa2+ 27.Kxe3 Re6+ 28.Kd4 Qa4+ 29.Kc3
d4+ 30.Kb2 Rde8 31.Rh2 Qb4 32.Rc2 g5 33.Qxg5 Re2 34.Qg4+ R2e6 35.f5 Rb6 36.f6+
Kb8 37.Qd7 Rc8 38.Qxd4 Qxb5 39.Qc4 Qe5+ 40.d4 Qxf6 41.Rf1 Qg6 42.g4 Rc6 43.Qe2
Re8 44.Qf2 Qd3 45.Rfc1 Rb6 46.Qf7 Qxd4+ 47.Ka2 Qa4+ 48.Kb2 Qd4+ 49.Kb1 Rc8 50.
Rc3 Qe4+ 51.Kb2 Qe5 52.Qxh7 c5 53.Ka2 Ra6+ 54.Kb1 Qe2 55.Qc2 Qb5 56.Rc4 Ra3
57.Kb2 Qa6 58.Ra1 1-0

[Event "Cto. Autonómico por Equipos 2007"]
[Site "Aragón"]
[Date "2007.02.10"]
[Round "3.25"]
[White "Baron Rodriguez Jesus"]
[Black "Gavin Roche Enrique"]
[Result "1-0"]
[WhiteElo "2422"]
[BlackElo "2261"]

1.e4 e5 2.Nf3 d6 3.d4 f5 4.dxe5 fxe4 5.Ng5 d5 6.e6 Nh6 7.Nc3 c6 8.Ngxe4 dxe4
9.Qh5+ g6 10.Qe5 Rg8 11.Bg5 Bg7 12.e7 Qd2+ 13.Kxd2 Bxe5 14.Bxh6 g5 15.h4 Bf4+
16.Ke1 e3 17.Bd3 Kxe7 18.g3 exf2+ 19.Kxf2 Bd6 20.Bxh7 Rh8 21.Bxg5+ Kf7 22.Bd3
Be6 23.Rae1 Nd7 24.Bg6+ 1-0

[Event "Cto. Autonómico por Equipos 2007"]
[Site "Aragón"]
[Date "2007.02.10"]
[Round "3.26"]
[White "Van Ojik Mark"]
[Black "Antoli Royo Joaquin Miguel"]
[Result "0-1"]
[WhiteElo "2304"]
[BlackElo "2186"]

1.d4 Nf6 2.Nf3 c5 3.g3 cxd4 4.Nxd4 e5 5.Nf3 Nc6 6.c4 Bc5 7.Bg2 e4 8.Ng5 e3 9.
f4 O-O 10.Nc3 Re8 11.a3 d6 12.b4 Bd4 13.Bb2 h6 14.b5 hxg5 15.bxc6 Qb6 16.O-O
Bxc3 17.Bxc3 Ne4 18.Bxe4 Rxe4 19.Qd5 Re6 20.f5 Rh6 21.f6 Qxc6 22.Qxc6 bxc6 23.
fxg7 Bg4 24.Ra2 Be6 25.Rb2 Bxc4 26.Rf6 Rxf6 27.Bxf6 g4 28.h3 gxh3 29.Kh2 c5
30.Kxh3 d5 31.g4 d4 32.Rc2 d3 33.exd3 Bxd3 34.Rxc5 Re8 35.Rc1 e2 36.Re1 Re3+
37.Kg2 Be4+ 38.Kf2 Rf3+ 0-1

[Event "Cto. Autonómico por Equipos 2007"]
[Site "Aragón"]
[Date "2007.02.10"]
[Round "3.27"]
[White "Aguirre Izaguirre Pedro Jose"]
[Black "Ferrer Echavarri Francisco Javier"]
[Result "1-0"]
[WhiteElo "2268"]
[BlackElo "2023"]

1.c4 Nf6 2.Nc3 e6 3.g3 d5 4.Bg2 c6 5.b3 Be7 6.Nf3 Nbd7 7.O-O Nc5 8.d3 b6 9.Bb2
O-O 10.Qc2 Bb7 11.Rfd1 Qc7 12.e4 dxe4 13.dxe4 Rfd8 14.b4 Na6 15.a3 Rxd1+ 16.
Rxd1 Rd8 17.e5 Ne8 18.Ne2 Rxd1+ 19.Qxd1 Nb8 20.Nf4 a6 21.Qa4 Kf8 22.Qc2 Kg8
23.c5 bxc5 24.bxc5 Nd7 25.Nd3 Qa5 26.Nd4 Nxc5 27.Nxc6 Bxc6 28.Bxc6 Nc7 29.Bf3
Qb5 30.Nb4 Bf8 31.Bd4 a5 32.Be2 Qa4 33.Qc4 axb4 34.Bxc5 Nd5 35.Bxf8 Kxf8 36.
Qc5+ Ne7 37.axb4 Qc6 38.Qa5 Nd5 39.Bf3 Ke7 40.Qa7+ Ke8 41.Qb8+ Ke7 42.Kg2 Qb6
43.Qxb6 Nxb6 44.Be4 h6 45.f4 f5 46.Bc6 Kd8 47.Kf2 Kc7 48.Bf3 Nd7 49.Ke3 Kb6
50.Kd4 Nb8 51.Kc4 Nd7 52.Bh5 Nf8 53.Bf7 g5 54.b5 g4 55.Kb4 Kc7 56.Ka5 Kd8 57.
Ka6 Ke7 58.Bh5 Nd7 59.Ka7 Nc5 60.b6 1-0

[Event "Cto. Autonómico por Equipos 2007"]
[Site "Aragón"]
[Date "2007.02.10"]
[Round "3.28"]
[White "Navarro Sancho Rafael"]
[Black "Glaria Murillo Christian"]
[Result "0-1"]
[WhiteElo "2202"]
[BlackElo "1961"]

1.e4 c5 2.Nf3 d6 3.d4 cxd4 4.Nxd4 Nf6 5.Nc3 a6 6.Bg5 e6 7.Be2 Be7 8.Qd2 Qc7 9.
O-O Nbd7 10.Rad1 b5 11.a3 Bb7 12.Bf3 O-O 13.Rfe1 Rac8 14.h3 Rfd8 15.g4 Ne5 16.
Be2 Nc4 17.Bxc4 Qxc4 18.Qe2 Qc7 19.Bh4 Nxe4 20.Nxe4 Bxh4 21.Nf3 Be7 22.c3 Bd5
23.Nd4 Qb7 24.Ng3 Bf8 25.Qe3 g6 26.h4 Qa7 27.h5 e5 28.Nc2 Qxe3 29.Nxe3 Bb3 30.
Rd2 d5 31.hxg6 hxg6 32.Ne2 Bc4 33.Nxc4 dxc4 34.Red1 Be7 35.Kg2 Kg7 36.Kf3 f5
37.Ng3 Kf6 38.gxf5 gxf5 39.Ke3 f4+ 0-1

[Event "Cto. Autonómico por Equipos 2007"]
[Site "Aragón"]
[Date "2007.02.10"]
[Round "3.29"]
[White "Sicilia Manuel"]
[Black "Martinez Catalin Francisco Javier"]
[Result "0-1"]
[WhiteElo "2144"]
[BlackElo "2240"]

1.d4 f5 2.g4 fxg4 3.e4 d5 4.e5 Bf5 5.Ne2 e6 6.Ng3 Nc6 7.c3 Qd7 8.Be2 O-O-O 9.
Bxg4 Bxg4 10.Qxg4 Nh6 11.Bxh6 gxh6 12.Nd2 Qf7 13.Ke2 Be7 14.Raf1 Qg6 15.Qh3
Kb8 16.f4 Rdf8 17.f5 exf5 18.Nxf5 Bg5 19.Rhg1 Nd8 20.Ne7 Qa6+ 0-1

[Event "Cto. Autonómico por Equipos 2007"]
[Site "Aragón"]
[Date "2007.02.10"]
[Round "3.30"]
[White "Solano Lasierra Javier"]
[Black "Fernandez Urrutia Gallo Carlos"]
[Result "1-0"]
[WhiteElo "2132"]
[BlackElo "2076"]

1.d4 Nf6 2.c4 e6 3.Nc3 d5 4.cxd5 exd5 5.Bg5 Be7 6.e3 O-O 7.Bd3 Nbd7 8.Nge2 h6
9.Bh4 Re8 10.O-O a6 11.Qc2 c6 12.f3 c5 13.Bf2 c4 14.Bf5 b5 15.a3 Bb7 16.Ng3
Nf8 17.Rae1 g6 18.Bh3 N8h7 19.f4 h5 20.Nge2 Ng4 21.Bxg4 hxg4 22.f5 g5 23.f6
Bxf6 24.Ng3 Bc8 25.e4 dxe4 26.Ncxe4 Bxd4 27.Rd1 Bxf2+ 28.Qxf2 Qc7 29.Nf6+ Nxf6
30.Qxf6 Qc5+ 31.Kh1 Qe7 32.Qh6 Qf8 33.Qxg5+ Qg7 34.Qh4 Qh7 35.Nh5 Kf8 36.Qg5
Bb7 37.Rd7 Bxg2+ 38.Kxg2 Qe4+ 39.Kg1 Qe3+ 40.Qxe3 Rxe3 41.Rfxf7+ 1-0